Načítá se...

Varikkasseri Mana(m)

Podrobná bibliografie
Hlavní autor: Bhavani , V
Médium: Printed Book
Jazyk:Undetermined
Vydáno: Mathrubhoomi Books, 2013
Vydání:2 ed.
Témata:
LEADER 00568nam a2200157Ia 4500
008 200324s9999 xx 000 0 und d
082 |a 309.5483  |b BHA-V 
100 |a Bhavani , V 
245 0 |a Varikkasseri Mana(m) 
250 |a 2 ed. 
260 |b Mathrubhoomi Books,  |c 2013 
300 |a 106p. 
650 |a Kerala Culture-- Kerala Education-- Kerala Art-- Kerala History-- Kerala Festivals-- Kerala Vasthu 
942 |c BK 
999 |c 285178  |d 285178 
952 |0 0  |1 0  |4 0  |6 309_548300000000000_BHAV  |7 0  |9 303719  |a SDE  |b SDE  |d 2014-04-04  |l 0  |o 309.5483 BHA-V  |p SDE20847  |r 2020-03-27  |w 2020-03-27  |y BK